000 00554nam a2200229Ia 4500
003 OSt
005 20220918180055.0
006 a|||||r|||| 00| 0
007 ta
008 220917b |||||||| |||| 00| 0 eng d
024 _a20,494
037 _cTextual
040 _aARTS
_cARTS
_beng
041 _2eng
_aeng
082 _aO:3M961:1, H8
100 _aStrong L A G
_949426
245 0 _aTrevannion
260 _c1948
650 _aENGLISH LITERATURE
942 _hO:3M961:1, H8
_cTEXL
_2CC
999 _c160223
_d160223